000 00713cam a22002413a 4500
001 4555
003 PGUSA
005 20140828083058.0
008 031001s2003||||xxu|||||s|||||000 | eng d
040 _aPGUSA
_beng
042 _adc
050 4 _aPR
100 1 _aSymonds, John Addington,
_d1840-1893
245 1 0 _aPercy Bysshe Shelley
_h[electronic resource] /
_cJohn Addington Symonds
260 _bProject Gutenberg,
_c2003
506 _aPublic domain in the USA.
516 _aElectronic text
653 _aPoets, English -- 19th century -- Biography
653 _aShelley, Percy Bysshe, 1792-1822
830 0 _aProject Gutenberg
_v4555
856 4 0 _uhttp://www.gutenberg.org/ebooks/4555
942 _cEB
999 _c233884
_d233884